|
|
|
|
| LEADER |
01048nam a2200253 i 4500 |
| 001 |
10119609 |
| 003 |
GR-PaULI |
| 005 |
20231212114021.0 |
| 008 |
160328s2005 gs f b 1 ger d |
| 020 |
|
|
|a 9783150183809
|
| 040 |
|
|
|a GR-PaULI
|b gre
|c GR-PaULI
|e AACR2
|
| 041 |
0 |
|
|a ger
|
| 082 |
0 |
4 |
|2 23
|a 121.68
|
| 100 |
1 |
|
|9 25666
|a Kambartel, Friedrich
|e συγγραφέας.
|
| 245 |
1 |
0 |
|a Sprachphilosophie :
|b Probleme und Methoden /
|c Friedrich KambArtel, Pirmin Stekeler-Weithofer.
|
| 260 |
|
|
|a Stuttgart :
|b Reclam,.
|c 2005.
|
| 300 |
|
|
|a 311 σ. ;
|c 15 εκ.
|
| 504 |
|
|
|a Περιλαμβάνει βιβλιογραφία και ευρετήριο.
|
| 650 |
|
4 |
|9 518
|a Γλώσσα και γλώσσες
|x Φιλοσοφία
|
| 700 |
1 |
|
|9 26559
|a Stekeler-Weithofer, Pirmin
|4 aut
|e συγγραφέας
|
| 942 |
|
|
|2 ddc
|c BK15
|
| 952 |
|
|
|0 0
|1 0
|4 0
|6 121_680000000000000_KAM
|7 0
|9 191264
|a PHIL
|b PHIL
|d 2016-04-24
|i 6888
|l 0
|o 121.68 KAM
|p 025000170627
|r 2016-04-24 00:00:00
|t 1
|w 2016-04-24
|y BK15
|
| 998 |
|
|
|c ΚΑΝΕΛΛΟΠΟΥΛΟΥ
|d 2016-03
|
| 999 |
|
|
|c 117509
|d 117509
|